Quizzes
Events
Quiz Creation
Community
Videos
Private Events
Remove Ads
Sign In
Join for FREE
Feedback
Dark Mode
Quiz Categories
Sports
Geography
Music
Movies
Television
Just For Fun
Miscellaneous
History
Literature
Language
Science
Gaming
Entertainment
Religion
Holiday
For Kids
Quiz Lab
Recent
Popular Today
Quiz Kudos Today
Editor Picks
Curator Picks
Quizzes by...
Day
Popularity
Type
Ratings
Length
Year
Community
Subscriptions
Recent Discussions
Orange Saloon
Badges
Playlists
Quests
Create
Leaderboards
Showdown
Live 5
Trivia Bingo
Activity
Puzzle Library
Sporcle Events
Private Events
Virtual Trivia
Globe League
Become a Host
Pub Owners
SporcleCon
Opinionation
Our Games
Videos
Blog
Mobile Apps
Partnerships
Remove Ads and Go Orange
Feedback
Sports
Athletes
MLB
NBA
NHL
NFL
Soccer
Sports Teams
WWE
NCAA
Football
Premier League
Basketball
Baseball
Hockey
Golf
Tennis
Cricket
Rugby
Auto Racing
Olympics
World Cup
Sports
Athletes
MLB
NBA
NHL
NFL
Soccer
Sports Teams
WWE
NCAA
Football
Premier League
Basketball
Baseball
Hockey
Golf
Tennis
Cricket
Rugby
Auto Racing
Olympics
World Cup
Random Quiz
Search Sporcle
×
Quiz Lab
Quiz Lab
Sports
finalist
Type in answers that appear in a list
Type in answers that appear in a list
Classic
Best Score? Go Orange.
FA Cup Quarter Finalists Stats
Can you name the FA Cup Quarter Finalists Since 1990?
By
aj95
15m
192 Questions
399 Plays
399 Plays
399 Plays
Comments
Comments
Give Quiz Kudos
Give Quiz Kudos
-
- Ratings
hide this ad
Replay
Link that replays current quiz
Next Quiz
Link to next quiz in quiz playlist
You Got
0%
They Got
Avg Score
91%
Avg Friend Score
Upgrade to see
Score Distribution
Jump to the score distribution portion of the page
Score
0/192
Timer
15:00
0
Plays Today
Year
Team
% Correct
2013
Manchester United
98.8%
1990
Manchester United
98.7%
1994
Manchester United
98.7%
1995
Manchester United
98.7%
1996
Manchester United
98.7%
1999
Manchester United
98.7%
2004
Manchester United
98.7%
2005
Manchester United
98.7%
2007
Manchester United
98.7%
2008
Manchester United
98.7%
2009
Manchester United
98.7%
2011
Manchester United
98.7%
1991
Arsenal
98.5%
1992
Chelsea
98.5%
1993
Arsenal
98.5%
1994
Chelsea
98.5%
1996
Chelsea
98.5%
1997
Chelsea
98.5%
1998
Arsenal
98.5%
1999
Arsenal
98.5%
1999
Chelsea
98.5%
2000
Chelsea
98.5%
2001
Arsenal
98.5%
2002
Arsenal
98.5%
2002
Chelsea
98.5%
2003
Arsenal
98.5%
2003
Chelsea
98.5%
2004
Arsenal
98.5%
2005
Arsenal
98.5%
2006
Chelsea
98.5%
2007
Chelsea
98.5%
2008
Chelsea
98.5%
2009
Arsenal
98.5%
2009
Chelsea
98.5%
2010
Chelsea
98.5%
2011
Arsenal
98.5%
2012
Chelsea
98.5%
2013
Chelsea
98.3%
1991
Everton
98.2%
1995
Everton
98.2%
1999
Everton
98.2%
2000
Everton
98.2%
2002
Everton
98.2%
2009
Everton
98.2%
2012
Everton
98.2%
1990
Liverpool
98%
1992
Liverpool
98%
1995
Liverpool
98%
1996
Liverpool
98%
2001
Liverpool
98%
2006
Liverpool
98%
2012
Liverpool
98%
2013
Everton
98%
1995
Newcastle
97.5%
1998
Newcastle
97.5%
1999
Newcastle
97.5%
2000
Newcastle
97.5%
2002
Newcastle
97.5%
2005
Newcastle
97.5%
2006
Newcastle
97.5%
1993
Manchester City
97.2%
2006
Manchester City
97.2%
2007
Manchester City
97.2%
2011
Manchester City
97.2%
Year
Team
% Correct
1991
Tottenham
97%
1993
Tottenham
97%
1995
Tottenham
97%
1999
Tottenham
97%
2001
Tottenham
97%
2002
Tottenham
97%
2005
Tottenham
97%
2007
Tottenham
97%
2010
Tottenham
97%
2012
Tottenham
97%
2013
Man City
96.8%
1992
Portsmouth
96.7%
1997
Portsmouth
96.7%
2004
Portsmouth
96.7%
2008
Portsmouth
96.7%
2010
Portsmouth
96.7%
1990
Aston Villa
96%
1992
Aston Villa
96%
1996
Aston Villa
96%
2000
Aston Villa
96%
2010
Aston Villa
96%
1992
Sunderland
95.7%
2004
Sunderland
95.7%
2012
Sunderland
95.7%
1996
Leeds
95.5%
1998
Leeds
95.5%
2003
Leeds
95.5%
1991
West Ham
94.2%
1994
West Ham
94.2%
1998
West Ham
94.2%
2001
West Ham
94.2%
2006
West Ham
94.2%
2011
West Ham
94.2%
1992
Southampton
94%
1996
Southampton
94%
2003
Southampton
94%
2005
Southampton
94%
1990
Sheffield United
93.2%
1993
Sheffield United
93.2%
1991
Norwich
93.2%
1992
Norwich
93.2%
1998
Sheffield United
93.2%
2003
Sheffield United
93.2%
2004
Sheffield United
93.2%
2008
Cardiff
93%
2002
West Brom
92.7%
2008
West Brom
92.7%
2001
Leicester
92.5%
2005
Leicester
92.5%
2012
Leicester
92.5%
1993
Sheffield Wed
92.2%
1997
Sheffield Wed
92.2%
1993
Blackburn
91.7%
1994
Bolton
91.7%
2000
Bolton
91.7%
2001
Blackburn
91.7%
2005
Blackburn
91.7%
2005
Bolton
91.7%
2007
Blackburn
91.7%
2010
Stoke
91.7%
2011
Bolton
91.7%
2011
Stoke
91.7%
2012
Bolton
91.7%
2012
Stoke
91.7%
Year
Team
% Correct
1990
Crystal Palace
91.5%
1991
Nottingham Forest
91.5%
1992
Nottingham Forest
91.5%
1995
Crystal Palace
91.5%
1996
Nottingham Forest
91.5%
1997
Middlesbrough
91.5%
2002
Middlesbrough
91.5%
2006
Middlesbrough
91.5%
2007
Middlesbrough
91.5%
2008
Middlesbrough
91.5%
2009
Middlesbrough
91.5%
2013
Blackburn
91.3%
2002
Fulham
90.7%
2004
Fulham
90.7%
2009
Fulham
90.7%
2010
Fulham
90.7%
2013
Wigan
90.7%
1994
Wolves
90.5%
1995
Wolves
90.5%
1998
Wolves
90.5%
2003
Wolves
90.5%
1993
Derby
90%
1997
Derby
90%
1999
Derby
90%
1993
Ipswich
89.5%
1996
Wimbledon
89%
1997
Wimbledon
89%
1990
QPR
88.7%
1995
QPR
88.7%
2006
Birmingham
88.2%
2010
Birmingham
88.2%
2011
Birmingham
88.2%
2013
Millwall
86.4%
2004
Millwall
86.2%
2009
Hull
85.2%
2003
Watford
84.5%
2007
Watford
84.5%
1998
Coventry
82.2%
2009
Coventry
82.2%
1994
Charlton
82%
2000
Charlton
82%
2006
Charlton
82%
2010
Reading
81.5%
2011
Reading
81.5%
1998
Barnsley
81%
1999
Barnsley
81%
2008
Barnsley
81%
2013
Barnsley
80%
2003
Burnley
79.2%
1990
Oldham
78.2%
1994
Oldham
78.2%
1994
Luton
73.7%
2001
Wycombe
70.4%
1997
Chesterfield
67.9%
2000
Tranmere
64.2%
2001
Tranmere
64.2%
2004
Tranmere
64.2%
1991
Notts County
63.4%
2007
Plymouth Argyle
61.9%
2008
Bristol Rovers
60.2%
1990
Cambridge
53.6%
1991
Cambridge
53.6%
1997
Wrexham
52.4%
2000
Gillingham
50.9%
Quiz Playlist
Details
Report
Send in Message
Add To Playlist
Classic:
Type in answers that appear in a list
Last Updated: Feb 16, 2017
Quiz Scoreboard
CHALLENGE
Sign Up to Join the Scoreboard
Show All
Scores
Hide
Comments
May contain spoilers
Recently Published
9x9 Crossword: Cartoon Network
by jackfrog10
Miscellaneous
3m
College Basketball Coaching Resumes
by pancakes188
Sports
9m
Billboard Blitz: Fleetwood Mac
by CooCooCachoo
Music
15s
More to Explore
Quiz From the Vault
Featured Blog Post
Where Did the Easter Bunny Come From?
hide this ad
You Might Also Like...
Tags
1990
cup
FA Cup
finalist
Quarter
team
Today's Top Quizzes in Sports
Browse Sports
hide this ad
Today's Top Quizzes in finalist
Browse finalist
Top Contributed Quizzes in Sports
1
2022 World Cup Stars
2
Les meilleurs buteurs des matchs entre le PSG et l’OM
3
FIFA Club World Cup Champions
4
Les entraîneurs de l'OM et du PSG au 21e siècle
5
Criteria MLB: Left Handed Sluggers
6
2023 MLB Unique Player Accomplishments
7
AFC Teams Reveal (Wrong Answers Minefield)
8
Players with Multiple 50 Home Run Seasons
9
5-to-1: FBS Animal Nicknames
10
5-to-1: UK Sports Teams
Explore More
Trending Topics
Harry Potter
Kpop
Marvel
Anime
Crossword
NBA
Disney
NFL
Country
Puzzle
Soccer
Pokémon
WWE
Song
The Office
hide this ad
More By:
aj95
Quiz
Plays
Rating
Category
Featured
Created
European Capital Match-Up
164,408
4.53
Geography
Mar 11, 2013
Top Premier League Scorers (2010s)
141,105
4.59
Sports
Aug 12, 2015
Premier League Nationalities 2013-14
10,946
4.32
Sports
Jul 12, 2013
Premier League Club Top Scorers 2014/15
7,349
3.72
Sports
May 20, 2015
Minute Maths
6,076
3.88
Just For Fun
Jan 17, 2013
Go to Creator's Profile
Score Distribution
Quiz Creator Spotlight
aj95
Follow
Send a Message
Quizzes Created
-
Created Quiz Play Count
-
More By This Creator
Popular Quizzes Today
1
Find the US States - No Outlines Minefield
2
Find the Countries of Europe - No Outlines Minefield
3
The Countries of the World
4
Find the US States
5
Risky Map Clicking: Biggest States A-Z
6
US States
7
Popular People in 1961
8
Movies - When Are They Set?
More Sports Quizzes
Motorsport Champions in Formula E
Curator's Pick
Trending Quizzes
Risky Map Clicking: Least Populous States A-Z
1-10 Letter G Words
Risky Map Clicking: Next State Alphabetically
Adjectives in 80s TV Shows
Risky Map Clicking: Biggest States A-Z
Recently Updated
Leaping Animals
pecheneg
Reality TV Shows (A-Z)
bhenderson79
Rickey Henderson's Hall of Fame Teammates
pecheneg
Champions League XIs: Arsenal
pecheneg
Quick Pick: Celebrities in WWE's Hall of Fame
aduchscher
A-Z Keypad Blitz II
pecheneg
Multiple Oscar Actors
pecheneg
Mystery Phrase Blitz: Oscar 'Best Actors'
pecheneg
F. Scott Fitzgerald Novels
LTH
Pick 3 Villains
ddd62291
Trending Topics
NBA
Disney
Kpop
Crossword
Anime
Harry Potter
Marvel
Puzzle
NFL
Song
Soccer
WWE
Country
The Office
Pokémon
Your Account Isn't Verified!
In order to create a playlist on Sporcle, you need to verify the email address you used during registration. Go to your
Sporcle Settings
to finish the process.
Report this User
Report this user for behavior that violates our
Community Guidelines
.
Details:
Send Report
Go to the Sporcle.com Mobile Site →
Comments